000
00320nam a2200133Ia 4500
005
20250423101034.0
008
250422s9999 xx 000 0 und d
020
_a
007286186X
245
0
_a
Student solutions manual for use with investment
260
_a
Boston
260
_b
McGraw Hill
260
_c
1989
942
_c
BK
999
_c
35095
_d
35095